El valle de las hamacas
Bewaard in:
| Hoofdauteur: | |
|---|---|
| Formaat: | Boek |
| Taal: | Undetermined |
| Gepubliceerd in: |
Buenos Aires, Argentina
Sudamericana
1970
|
| Onderwerpen: | |
| Tags: |
Voeg label toe
Geen labels, Wees de eerste die dit record labelt!
|
MARC
| LEADER | 00000nam a2200000Ia 4500 | ||
|---|---|---|---|
| 008 | 170316s9999 xx 000 0 und d | ||
| 040 | |a cru BVZT | ||
| 090 | |a 860 A-33v | ||
| 100 | |a Argueta, Manlio |9 1004 | ||
| 245 | |a El valle de las hamacas |c / Manlio Argueta | ||
| 260 | |a Buenos Aires, Argentina |b Sudamericana |c 1970 | ||
| 300 | |a 157 páginas | ||
| 650 | |a LITERATURA LATINOAMERICANA |9 15 | ||
| 999 | |c 8328 |d 8328 | ||
| 942 | |c 15 D |h 860 A-33v |2 z | ||
